00552nam a2200193 a 4500001001300000003000900013005001700022008004100039020002300080082001800103100002200121245005800143260004000201300000900241500003500250505001800285650003300303700002200336nice12345678IN_TiNIC20260116014529.0110502s2011 dela grp 000 0 eng  a9788187358596c69500a954.1632bKAR aKarlsson, Bengt G aUnruly Hillsb Nature and Nation in India`s Northeast aDelhi bSocial Science Press c2011 a334p aincludes index and biblioraphy2 abiblio, index aNorth East India-Environment1 aKarlsson, Bengt G